A COMPARATIVE STUDY OF RELIGIONS (Record no. 215410)

MARC details
000 -LEADER
fixed length control field 00351nam a22001337a 4500
008 - FIXED-LENGTH DATA ELEMENTS--GENERAL INFORMATION
fixed length control field 250516b |||||||| |||| 00| 0 eng d
050 ## - LIBRARY OF CONGRESS CALL NUMBER
Classification number BL8012.O66 1990
100 ## - MAIN ENTRY--PERSONAL NAME
Personal name MUGAMBIU J.N.K
245 ## - TITLE STATEMENT
Title A COMPARATIVE STUDY OF RELIGIONS
260 ## - PUBLICATION, DISTRIBUTION, ETC.
Place of publication, distribution, etc. KENYA
Name of publisher, distributor, etc. NAIROBI UNIVERSITY PRESS
Date of publication, distribution, etc. 1993
300 ## - PHYSICAL DESCRIPTION
Extent X,311
942 ## - ADDED ENTRY ELEMENTS (KOHA)
Source of classification or shelving scheme Library of Congress Classification
Koha item type Long Loan Book

No items available.